Online
Catalog

Ciencias naturales ; ciencias sociales 3º curso: (Record no. 54620)

MARC details
000 -CABECERA
campo de control de longitud fija 01918nam a2200397 i 4500
003 - IDENTIFICADOR DEL NÚMERO DE CONTROL
campo de control DO-SdBNP
005 - FECHA Y HORA DE LA ÚLTIMA TRANSACCIÓN
campo de control 20230905144345.0
006 - CÓDIGOS DE INFORMACIÓN DE LONGITUD FIJA--CARACTERÍSTICAS DEL MATERIAL ADICIONAL
campo de control de longitud fija a||||br|||| 00| 0
007 - CAMPO FIJO DE DESCRIPCIÓN FÍSICA--INFORMACIÓN GENERAL
campo de control de longitud fija ta
008 - DATOS DE LONGITUD FIJA--INFORMACIÓN GENERAL
campo de control de longitud fija 230904e1978 dr aobc| |||| 00| 0 spa d
040 ## - FUENTE DE LA CATALOGACIÓN
Centro catalogador/agencia de origen DO-SdBNP
Lengua de catalogación spa
Centro/agencia transcriptor BNPHU
Normas de descripción rda
082 #4 - NÚMERO DE LA CLASIFICACIÓN DECIMAL DEWEY
Número de edición 22
Número de documento/Ítem G887c
100 1# - ENTRADA PRINCIPAL--NOMBRE DE PERSONA
Nombre de persona Luisa María Altagracia,
9 (RLIN) 30645
Término indicativo de función/relación autora
245 10 - MENCIÓN DE TÍTULO
Título Ciencias naturales ; ciencias sociales 3º curso:
Resto del título educación primaria. /
Mención de responsabilidad, etc. Luisa María Altagracia, Argentina Bajarán de Rodríguez, Ma. Victoria Blanchery, Tomasina Espinosa de Rodríguez, Germecinda Llaverías Colón.. [y otros]
246 ## - FORMA VARIANTE DE TÍTULO
Título propio/Titulo breve Ciencias naturales 2º curso:
Resto del título educación primaria.
246 ## - FORMA VARIANTE DE TÍTULO
Título propio/Titulo breve Ciencias sociales 2º curso:
Resto del título educación primaria.
264 4# - PRODUCCIÓN, PUBLICACIÓN, DISTRIBUCIÓN, FABRICACIÓN Y COPYRIGHT
Producción, publicación, distribución, fabricación y copyright Santo Domingo :
Nombre del de productor, editor, distribuidor, fabricante EDYCA ,
Fecha de producción, publicación, distribución, fabricación o copyright 1978
300 ## - DESCRIPCIÓN FÍSICA
Extensión 176 páginas :
Otras características físicas Ilustraciones, fotografías, mapas, retratos ;
Dimensiones 25 cm.
336 ## - TIPO DE CONTENIDO
Fuente rdacontent
Término de tipo de contenido texto
Código de tipo de contenido txt
337 ## - TIPO DE MEDIO
Fuente rdamedia
Nombre/término del tipo de medio sin mediación
Código del tipo de medio n
338 ## - TIPO DE SOPORTE
Fuente rdacarrier
Nombre/término del tipo de soporte volumen
Código del tipo de soporte nc
490 ## - MENCIÓN DE SERIE
Mención de serie Educación Santillana
490 ## - MENCIÓN DE SERIE
Mención de serie Libro del Alumno ;
Número Internacional Normalizado para Publicaciones Seriadas 2
505 ## - NOTA DE CONTENIDO CON FORMATO
Nota de contenido con formato CIENCIAS NATURALES.<br/>
Título Unidad 1. Los seres vivos.-- Unidad 2. Materia y energía.-- Unidad 3. El Universo.-- Unidad 4. La agricultura.--<br/>
505 ## - NOTA DE CONTENIDO CON FORMATO
Nota de contenido con formato CIENCIAS SOCIALES.<br/><br/>
Título Unidad 1. Conozcamos nuestro paisaje geográfico.-- Unidad 2. Los períodos de nuestra historia.-- Unidad 3. La familia, la escuela y el municipio.--
590 ## - NOTA LOCAL (RLIN)
Nota local Inventariado 2023 / MF
650 #4 - PUNTO DE ACCESO ADICIONAL DE MATERIA--TÉRMINO DE MATERIA
Término de materia o nombre geográfico como elemento de entrada Ciencias naturales
Subdivisión de forma Libro de texto
9 (RLIN) 84058
650 #4 - PUNTO DE ACCESO ADICIONAL DE MATERIA--TÉRMINO DE MATERIA
Término de materia o nombre geográfico como elemento de entrada Educación fundamental
Subdivisión de forma libro de texto
9 (RLIN) 84059
700 1# - PUNTO DE ACCESO ADICIONAL--NOMBRE DE PERSONA
Nombre de persona Bajarán de Rodríguez, Argentina,
Término indicativo de función/relación autora
9 (RLIN) 83949
700 1# - PUNTO DE ACCESO ADICIONAL--NOMBRE DE PERSONA
Nombre de persona Blanchery, Ma. Victoria,
Término indicativo de función/relación autora
9 (RLIN) 84052
700 1# - PUNTO DE ACCESO ADICIONAL--NOMBRE DE PERSONA
Nombre de persona Espinosa de Rodríguez, Tomasina,
Término indicativo de función/relación autora
9 (RLIN) 84053
700 1# - PUNTO DE ACCESO ADICIONAL--NOMBRE DE PERSONA
Nombre de persona Llaverías Colón, Germecinda,
Término indicativo de función/relación autora
9 (RLIN) 30647
700 1# - PUNTO DE ACCESO ADICIONAL--NOMBRE DE PERSONA
Nombre de persona Moyano, Celia,
Término indicativo de función/relación autora
9 (RLIN) 30648
700 1# - PUNTO DE ACCESO ADICIONAL--NOMBRE DE PERSONA
Nombre de persona Silvente, Ana,
Término indicativo de función/relación autora
9 (RLIN) 30649
942 ## - ELEMENTOS DE PUNTO DE ACCESO ADICIONAL (KOHA)
Fuente del sistema de clasificación o colocación Dewey Decimal Classification
Tipo de ítem Koha Libro
Holdings
Estado de retiro Estado de pérdida Fuente del sistema de clasificación o colocación Restricciones de uso No para préstamo Código de colección Localización permanente Ubicación/localización actual Ubicación en estantería Fecha de adquisición Total de préstamos Signatura topográfica completa Código de barras Fecha visto por última vez Precio válido a partir de Tipo de ítem Koha
    Dewey Decimal Classification Excluido de préstamo   Patrimonio Dominicano Biblioteca Nacional Pedro Henríquez Ureña Biblioteca Nacional Pedro Henríquez Ureña En catalogación 04.12.2014   G887c 2023-5646 04.09.2023 04.09.2023 Libro

Powered by Koha